000 00966nam a2200253 u 4500
001 000002668
005 20200929150231.0
008 090703s1998 dr a 001 0 spa d
040 _aDO-SdBNP
_bspa
_cBNPHU
082 _a327.729307294
_bB623p
100 1 _aBissainthe, Jean Ghasmann
_d1961-
_92612
245 1 0 _aPerfil de dos naciones en La Española /
_cJean Ghasmann Bissainthe.
260 _aSanto Domingo :
_b[s.n],
_c1998.
300 _a88 p. :
_bil. ;
_c22 cm.
500 _aIncluye índice
500 _aIncluye datos biográficos del autor en la contracubierta
504 _aIncluye referencias bibliográficas y notas al pie de las páginas
590 _aInventariado, 2018/BT
651 4 _aRepública Dominicana
_xRelaciones Exteriores
_zHaití
_92233
651 4 _aHaití
_xRelaciones Exteriores
_zRepública Dominicana
_92234
651 4 _aRepública Dominicana
_xHistoria
_9170
651 4 _aHaití
_xHistoria
_98418
910 _aJornada de catalogación
999 _c2504
_d2504